Countries by Suicide Rate - Statistics

General Stats
  • This quiz has been taken 79 times
  • The average score is 10 of 20
Answer Stats
Suicides/100k Country % Correct
18.5 Japan
91%
31 Russia
88%
26.9 South Korea
88%
22.4 Ukraine
79%
26.2 Belarus
78%
17.8 Estonia
75%
31.9 Lithuania
75%
21.2 Latvia
74%
17.7 France
61%
19.1 Hungary
47%
22.5 Kazakhstan
47%
18.6 Slovenia
45%
16.5 Croatia
43%
20.7 Belgium
41%
17.2 Switzerland
37%
29.2 Guyana
18%
22.8 Suriname
13%
21.2 Lesotho
9%
18.4 Uruguay
9%
16.4 Equatorial Guinea
1%
No matching quizzes found
Score Distribution
Percent of People with Each Score
Percentile by Number Answered
Your Score History
You have not taken this quiz